Statistics for Golden Globe Winners for Best Actress in a Drama Motion Picture

Click here to take the quiz!

General Stats

  • This quiz has been taken 25 times
  • The average score is 48 of 83

Answer Stats

YearFilmWinner% Correct
2000Erin BrockovichJulia Roberts
100%
2011The Iron LadyMeryl Streep
100%
1982Sophie's ChoiceMeryl Streep
100%
1981The French Lieutenant's WomanMeryl Streep
100%
2010Black SwanNatalie Portman
100%
2022TárCate Blanchett
95%
1998ElizabethCate Blanchett
95%
2013Blue JasmineCate Blanchett
95%
1988The AccusedJodie Foster
95%
1991The Silence of the LambsJodie Foster
95%
2015RoomBrie Larson
91%
2009The Blind SideSandra Bullock
91%
1953Roman HolidayAudrey Hepburn
86%
2017Three Billboards Outside Ebbing, MissouriFrances McDormand
86%
2012Zero Dark ThirtyJessica Chastain
86%
2008Revolutionary RoadKate Winslet
86%
2006The QueenHelen Mirren
82%
2004Million Dollar BabyHilary Swank
82%
1999Boys Don't CryHilary Swank
82%
2019JudyRenée Zellweger
82%
1985The Color PurpleWhoopi Goldberg
82%
2021Being the RicardosNicole Kidman
77%
2002The HoursNicole Kidman
77%
2003MonsterCharlize Theron
73%
1945The Bells of St. Mary'sIngrid Bergman
73%
1944GaslightIngrid Bergman
73%
1956AnastasiaIngrid Bergman
73%
2014Still AliceJulianne Moore
73%
2018The WifeGlenn Close
68%
1990MiseryKathy Bates
68%
1980Ordinary PeopleMary Tyler Moore
68%
1971KluteJane Fonda
64%
1977JuliaJane Fonda
64%
1978Coming HomeJane Fonda
64%
1997Mrs BrownJudi Dench
64%
2023Killers of the Flower MoonLily Gladstone
64%
1959Suddenly, Last SummerElizabeth Taylor
59%
1992Howards EndEmma Thompson
59%
1995CasinoSharon Stone
59%
1988Madame SousatzkaShirley MacLaine
59%
1983Terms of EndearmentShirley MacLaine
59%
2005TransamericaFelicity Huffman
55%
1993The PianoHolly Hunter
55%
1975One Flew Over the Cuckoo's NestLouise Fletcher
55%
1989The Fabulous Baker BoysMichelle Pfeiffer
55%
1988Gorillas in the MistSigourney Weaver
55%
1954The Country GirlGrace Kelly
50%
1984Places in the HeartSally Field
50%
1979Norma RaeSally Field
50%
1976NetworkFaye Dunaway
45%
1950Sunset BoulevardGloria Swanson
45%
1986Children of a Lesser GodMarlee Matlin
45%
2001In the BedroomSissy Spacek
45%
1970Love StoryAli MacGraw
41%
2020The United States vs. Billie HolidayAndra Day
41%
1996Secrets & LiesBrenda Blethyn
41%
1974A Woman Under the InfluenceGena Rowlands
41%
2016ElleIsabelle Huppert
41%
1994Blue SkyJessica Lange
41%
1949The HeiressOlivia de Havilland
41%
1958I Want to Live!Susan Hayward
41%
1962Sweet Bird of YouthGeraldine Page
36%
1961Summer and SmokeGeraldine Page
36%
1943The Song of BernadetteJennifer Jones
36%
1957The Three Faces of EveJoanne Woodward
36%
1968Rachel, RachelJoanne Woodward
36%
2007Away from HerJulie Christie
36%
1955The Rose TattooAnna Magnani
32%
1948Johnny BelindaJane Wyman
32%
1951The Blue VeilJane Wyman
32%
1946Sister KennyRosalind Russell
32%
1947Mourning Becomes ElectraRosalind Russell
32%
1964The Pumpkin EaterAnne Bancroft
27%
1960Sunrise at CampobelloGreer Garson
27%
1987AnnaSally Kirkland
27%
1952Come Back, Little ShebaShirley Booth
27%
1966A Man and a WomanAnouk Aimée
23%
1967The WhisperersEdith Evans
23%
1969Anne of the Thousand DaysGeneviève Bujold
23%
1963The L-Shaped RoomLeslie Caron
23%
1972The EmigrantsLiv Ullmann
23%
1973Cinderella LibertyMarsha Mason
23%
1965The CollectorSamantha Eggar
23%

Score Distribution

Percentile by Number Answered

Percent of People with Each Score

Your Score History

You have not taken this quiz